| 000 | 00750cab a2200217 4500 | ||
|---|---|---|---|
| 001 | ABS49048 | ||
| 008 | 090401t1993 xxu||||| |||| 00| 0 eng d | ||
| 035 | _a(Sirsi) u69647 | ||
| 041 | _aeng | ||
| 100 | _aKellough, W.R. | ||
| 245 | 4 | _aThe appraiser and feasibility analysis | |
| 260 | _c1993 | ||
| 350 | _a0 | ||
| 490 |
_aCanadian Appraiser _v37(2) Summer 1993, 39-42(4) |
||
| 520 | _aRecognising that valuers undertake a wider range of tasks than valuation alone, this article emphasises the advisory aspects of professional work and argues for the surveyor to act as co-ordinator in feasibility analyses. | ||
| 650 | _aFEASIBILITY ANALYSIS | ||
| 650 | _aVALUERS | ||
| 690 | _aRATING AND VALUATION | ||
| 942 | _n0 | ||
| 948 | _c04/03/1997 | ||
| 999 |
_c43756 _d43756 |
||